000 01306nam a22002057a 4500
003 OSt
005 20170105102939.0
020 _a9781133309598
040 _a0
082 _a150.72
_bWHI 2013
100 _aTheresa L White
245 _aResearch methods
_cTheresa L. White
250 _a9th ed
260 _aAustralia
_bWadsworth Cengage Learning
_c2013
300 _axx, 458 pages
_c24 cm
505 _aPsychology and Science -- Developing a Research Question -- Ethics in Research -- Writing in Psychology -- Variables -- Validity -- Control -- Nonexperimental Research, Part I: Observational, Archival and Case-Study Research -- Nonexperimental Research, Part 2: Survey Research -- True Experiments, Part 1: Single-Factor Designs -- True Experiments, Part 2: Factorial Designs -- Single-Subject Experiments -- Quasi Experiments -- Data Exploration PartI: Graphic and Descriptive Techniques -- Data Exploration, Part 2: Inferential Statistics.
520 _aProvides psychology students with a scientific approach to understanding their field of study and the world in general. This title illustrates the many creative ways that psychology professionals design and conduct effective research
650 _aPsychology, Experimental - Methodology. Psychology -Research - Methodology.
942 _2ddc
_cBK
999 _c16430
_d16430